Quiz première E - Statistiques

Statistiques générales
  • Ce quiz a été pris 4 fois
  • Le résultat moyen est 11 sur 17
Statistiques - réponses
Hint Réponse % Correct
en quel matière cacamou est-il apparu histoire
100%
qui est le membre du tonal inflitré dans la 1E jules
100%
qui est le maire de coqville boussemart
75%
sabbath vs guy
75%
qui est vraiment hubert desmarets le marchand de sable
75%
comment s’appelle le fait de se mettre des doigts dans les fesses le zdar
75%
qui a mené la brochette sofiane cherfaoui
75%
quel est le nom de son compte insta soso_4real
75%
Chaud la night c’est la street poto y’a pas de galère
50%
qui vomit à la piscine jean carpentier
50%
porte étendard du Z évent marchyllies
50%
journée prime dans une semaine mardi
50%
qui a la meilleure coiffeuse maxence de wilde
50%
D’où vient l’homme qui démolit la fille de marchyllies montpellier
50%
qui est réuni rap game
50%
nom de famille de lorenzo dubosc
25%
colin rend mon stylo
25%
Aucun quiz correspondant
Distribution des résultats
% des personnes avec chaque résultat
Percentile par nombre de réponses
Votre historique - résultats
Vous n’avez pas pris ce quiz